Nommez les livres bibliques du Nouveau Testament - Quiz biblique - Statistiques

Statistiques générales
  • Ce quiz a été pris 123 fois
  • Le résultat moyen est 17 sur 27
Statistiques - réponses
Réponse % Correct
Marc
98%
Jean
97%
Matthieu
95%
Luc
94%
Apocalypse
89%
Actes
72%
Romains
68%
1 Jean
64%
1 Corinthiens
63%
2 Corinthiens
63%
2 Jean
63%
Galates
61%
1 Pierre
60%
2 Pierre
60%
Éphésiens
57%
Hébreux
54%
Jude
54%
3 Jean
53%
Colossiens
53%
2 Timothée
49%
1 Timothée
49%
1 Thessaloniciens
48%
2 Thessaloniciens
48%
Philippiens
48%
Jacques
44%
Philémon
39%
Tite
39%
Aucun quiz correspondant
Distribution des résultats
% des personnes avec chaque résultat
Percentile par nombre de réponses
Votre historique - résultats
Vous n’avez pas pris ce quiz